Most Popular Songs-1972 - Statistics

General Stats
  • This quiz has been taken 19 times
  • The average score is 5 of 12
Answer Stats
Month Artist Answer % Correct
February Don McLean American Pie
100%
April America A Horse With No Name
72%
June Don McLean Vincent
67%
October Chuck Berry My Ding-A-Ling
56%
January Melanie Brand New Key
50%
March Harry Nilsson Without You
50%
August Gilbert O'Sullivan Alone (Naturally)
39%
December Helen Reddy I Am Woman
28%
November Johnny Nash I Can See Clearly Now
28%
July Bill Withers Lean On Me
28%
September The Hollies Long Cool Woman (In A Black Dress)
17%
May Roberta Flack First Time I Ever Saw Your Face
6%
No matching quizzes found
Score Distribution
Percent of People with Each Score
Percentile by Number Answered
Your Score History
You have not taken this quiz